Historia de los sucesos de la orden de N. gran P.S. Agustín de estas islas Filipinas (Record no. 159263)

MARC details
000 -LEADER
campo de control de longitud fija 00886nam a22002175i 4500
001 - NÚMERO DE CONTROL
campo de control 159263
003 - IDENTIFICADOR DE NÚMERO DE CONTROL
campo de control ES-MaACL
005 - FECHA Y HORA DE LA ÚLTIMA TRANSACCIÓN
campo de control 20230906211522.0
008 - DATOS DE LONGITUD FIJA--INFORMACIÓN GENERAL
campo de control de longitud fija 990923s1893 phl |||| | spa d
040 ## - FUENTE DE CATALOGACIÓN
Centro catalogador/agencia de origen CCPB | B
Lengua de catalogación spa
Centro/agencia transcriptor CCPB | B
100 1# - ENTRADA PRINCIPAL--NOMBRE DE PERSONA
Nombre de persona Medina, Juan de.
9 (RLIN) 129790
245 10 - MENCIÓN DEL TÍTULO
Título Historia de los sucesos de la orden de N. gran P.S. Agustín de estas islas Filipinas
Resto del título : desde que se descubrieron y se poblaron por los españoles, con las noticias memorables /
Mención de responsabilidad, etc. Juan de Medina.
260 ## - PUBLICACIÓN, DISTRIBUCIÓN, ETC.
Lugar de publicación, distribución, etc. Manila :
Nombre del editor, distribuidor, etc. [s.n.],
Fecha de publicación, distribución, etc. 1893 (
Fabricante tipo-litografia de Chofré y comp.)
300 ## - DESCRIPCIÓN FÍSICA
Extensión VIII, 542 p. ;
Dimensiones 22 cm.
490 1# - MENCIÓN DE SERIE
Mención de serie Biblioteca histórica Filipina
651 #4 - PUNTO DE ACCESO ADICIONAL DE MATERIA--NOMBRE GEOGRÁFICO
Nombre geográfico Filipinas-
Subdivisión general Historia.
9 (RLIN) 8658
752 ## - ENTRADA AGREGADA--NOMBRE JERÁRQUICO DEL LUGAR
País o entidad superior Filipinas -
Ciudad Manila
830 0# - PUNTO DE ACCESO ADICIONAL DE SERIE-TÍTULO UNIFORME
Título uniforme Biblioteca histórica Filipina
9 (RLIN) 233426
852 ## - LOCALIZACIÓN
Ubicación ES-MaACL
Número de control de estantería G-5374
Nota libre -- Enc. hol.
condición física -- Contiene VIII, 489 p.
Holdings
Estatus retirado Estado de pérdida Estado de daño No para préstamo Colección Biblioteca de origen Biblioteca actual Ubicación en estantería Fecha de adquisición Fuente de adquisición Total de préstamos Signatura topográfica completa Código de barras Visto por última vez Precio de reemplazo Tipo de ítem Koha
        Libros del s. XIX Biblioteca del Ateneo de Madrid Biblioteca del Ateneo de Madrid Depósito 2 17/01/2008     G-5374 1166723 23/02/2023 23/02/2023 Libro impreso antiguo